Technology of Machine Tools (Record no. 18508)
[ view plain ]
| 000 -LEADER | |
|---|---|
| fixed length control field | 00424nam a22001817a 4500 |
| 005 - DATE AND TIME OF LATEST TRANSACTION | |
| control field | 20230530122916.0 |
| 008 - FIXED-LENGTH DATA ELEMENTS--GENERAL INFORMATION | |
| fixed length control field | 230524b |||||||| |||| 00| 0 eng d |
| 020 ## - INTERNATIONAL STANDARD BOOK NUMBER | |
| ISBN | 9780071164214 |
| 082 1# - DEWEY DECIMAL CLASSIFICATION NUMBER | |
| Classification number | 621.902 |
| Item number | KRA-T |
| 100 ## - MAIN ENTRY--AUTHOR | |
| Author Name | Krar:Steve |
| 245 ## - TITLE STATEMENT | |
| Title | Technology of Machine Tools |
| 250 ## - EDITION STATEMENT | |
| Edition statement | 5th ed. |
| 260 ## - PUBLICATION, DISTRIBUTION, ETC. | |
| Place of Publication | India |
| Name of publisher, distributor, etc. | Mc Graw HIll |
| Date of publication, distribution, etc. | 1997 |
| 300 ## - PHYSICAL DESCRIPTION | |
| Pages | 869 |
| 650 ## - SUBJECT ADDED ENTRY--TOPICAL TERM | |
| Subject / Department | Engineering |
| 700 ## - ADDED ENTRY--PERSONAL NAME | |
| Personal name | Steve |
| 952 ## - LOCATION AND ITEM INFORMATION (KOHA) | |
| -- | 0 |
| -- | 0 |
| Lost status | Damaged status | Permanent Location | Current Location | Shelving Location | Date acquired | Full Call Number | Accession No./Barcode | Date last seen | item type |
|---|---|---|---|---|---|---|---|---|---|
| Superior Information Resource Center (SIRC) Superior University- Central Library | Superior Information Resource Center (SIRC) Superior University- Central Library | Engineering | 05/24/2023 | 621.902 KRA-T 1997 | 15439 | 05/24/2023 | BOOK |
